The place of tides / James Rebanks.
Available copies
- 2 of 3 copies available at LARL/NWRL Consortium. (Show)
- 1 of 1 copy available at Northwest Regional Library.
Current holds
0 current holds with 3 total copies.
Show All Copies
| Location | Call Number / Copy Notes | Barcode | Shelving Location | Status | Due Date |
|---|---|---|---|---|---|
| Hallock Public Library | 598.415 REB (Text) | 35500006873838 | Main | Available | - |
Record details
- ISBN: 0063434172
- ISBN: 9780063434172
- Physical Description: 291 pages ; 22 cm
- Edition: First US edition.
- Publisher: New York : Mariner Books, [2025]
Content descriptions
| Summary, etc.: | Many years ago, James Rebanks met an old woman on ... Read More |
Search for related items by subject
| Genre: | Travel writing. Personal narratives. |
| LDR | 03267cam a2200601 i 4500 | ||
|---|---|---|---|
| 001 | 461741 | ||
| 003 | LARL_NWRL_CONSORTIUM | ||
| 005 | 20250717202911.0 | ||
| 008 | 240929s2025 nyu 000 0deng d | ||
| 040 | . | ‡aYDX ‡beng ‡erda ‡cYDX ‡dIG# ‡dOCLCO ‡dOCO ‡dOCLCO ‡dOI6 ‡dIEB ‡dRNL ‡dOCLCO ‡dHCO ‡dHFU ‡dIMD ‡dQ2V ‡dSINLB ‡dOCLCO ‡dIK2 | |
| 020 | . | ‡a0063434172 ‡qhardcover | |
| 020 | . | ‡a9780063434172 ‡qhardcover | |
| 035 | . | ‡a(OCoLC)1457622897 | |
| 082 | 0 | 4. | ‡a598.415 ‡223 |
| 100 | 1 | . | ‡aRebanks, James, ‡eauthor. ‡1https://id.oclc.org/worldcat/entity/E39PBJkdk4mWf9Hy4w9xbDckjC |
| 245 | 1 | 4. | ‡aThe place of tides / ‡cJames Rebanks. |
| 250 | . | ‡aFirst US edition. | |
| 264 | 1. | ‡aNew York : ‡bMariner Books, ‡c[2025] | |
| 300 | . | ‡a291 pages ; ‡c22 cm | |
| 336 | . | ‡atext ‡btxt ‡2rdacontent | |
| 337 | . | ‡aunmediated ‡bn ‡2rdamedia | |
| 338 | . | ‡avolume ‡bnc ‡2rdacarrier | |
| 520 | . | ‡aMany years ago, James Rebanks met an old woman on a remote Norwegian island. She lived and worked alone on a tiny rocky outcrop, gathering the down of wild Eider ducks: a centuries-old trade that had once made men and women rich, but had long been in decline. Back at home, Rebanks couldn't stop thinking about the woman. Years passed. Then, one day, he wrote to her, asking if he could return. Bring work clothes, she replied, and good boots, and come quickly: her health was failing. And so he travelled to the edge of the Arctic to witness her last season on the island. This is the story of that season. It is the story of a unique and ancient landscape, and of the woman who brought it back to life. As Rebanks follows her from the rough, isolated toil of bitter winter into the summer light, his understanding of her life and work - and of his own - is utterly transformed. What began as a journey of escape becomes an extraordinary lesson in self-knowledge and forgiveness. | |
| 600 | 1 | 0. | ‡aRebanks, James ‡xTravel. |
| 600 | 1 | 0. | ‡aRebanks, James ‡xHomes and haunts ‡zNorway ‡zVega herad. |
| 650 | 0. | ‡aBritish ‡zNorway ‡zVega herad ‡vAnecdotes. | |
| 650 | 0. | ‡aEiderdown harvesting ‡zNorway ‡zVega herad. | |
| 650 | 0. | ‡aEider ‡zNorway ‡zVega herad. | |
| 650 | 0. | ‡aSea ducks ‡zNorway ‡zVega herad. | |
| 650 | 0. | ‡aSomateria ‡zNorway ‡zVega herad. | |
| 650 | 0. | ‡aFeathers ‡xCollection and preservation. | |
| 650 | 0. | ‡aIsland life ‡zNorway ‡zVega herad. | |
| 650 | 0. | ‡aEnvironmentalism ‡zNorway ‡zVega herad. | |
| 650 | 0. | ‡aHuman ecology ‡zNorway ‡zVega herad. | |
| 650 | 0. | ‡aNatural history ‡zNorway ‡zVega herad. | |
| 651 | 0. | ‡aVega herad (Norway) ‡xSocial life and customs. | |
| 651 | 0. | ‡aVega herad (Norway) ‡xDescription and travel. | |
| 651 | 0. | ‡aNorway ‡xSocial life and customs. ‡0(LARL_NWRL_CONSORTIUM)26940 | |
| 651 | 0. | ‡aNorway ‡xDescription and travel. ‡0(LARL_NWRL_CONSORTIUM)26929 | |
| 655 | 7. | ‡aTravel writing. ‡2lcgft | |
| 655 | 7. | ‡aPersonal narratives. ‡2lcgft | |
| 936 | . | ‡aBATCHLOAD | |
| 901 | . | ‡a461741 ‡bOCoLC ‡c461741 ‡tbiblio ‡soclc | |

Add to basket
Permalink
Disable Highlighting